| 000 | 00868nam a22002537a 4500 | ||
|---|---|---|---|
| 005 | 20250123101318.0 | ||
| 008 | 240826b ||||| |||| 00| 0 eng d | ||
| 020 | _a9788197031311 | ||
| 040 | _cAL | ||
| 041 | _aHindi | ||
| 082 |
_223 _aH891.9 _bYADL |
||
| 100 |
_aMadurabala Yadav _9194729 |
||
| 100 |
_9178026 _d मधुरबाला यादव |
||
| 245 |
_aLok Sahitya Evam Lok Sanskrti _bलोक साहित्य एवं लोक संस्कृति |
||
| 260 |
_aKanpur _bAman Prakashan _c2024 |
||
| 300 |
_a176 p. _bHB _c22x14.3 cm. |
||
| 365 |
_a127 _b₹450.00 _c₹ _d₹600.00 _e25% _f31-07-2024 |
||
| 650 |
_aHindi Literature _9178027 |
||
| 700 |
_a YADAV (Madurabala) _9178028 |
||
| 700 |
_aTRIPATI (Mahendra Kumar) _9178029 |
||
| 700 |
_aYADAV (Ramesh Kumar) _9178030 |
||
| 700 |
_aMITHRA (Shashank) _9178031 |
||
| 942 |
_2ddc _cBK |
||
| 999 |
_c231596 _d231596 |
||